[Event "Sigeman & Co 09th"]
[Site "Malmo"]
[Date "2001.06.20"]
[Round "9"]
[White "Radjabov, Teimour"]
[Black "De Firmian, Nick E"]
[Result "1-0"]
[WhiteElo "2533"]
[BlackElo "2545"]
[Annotator "Radjabov,T"]
[PlyCount "102"]
[EventDate "2001.06.12"]
[EventType "tourn"]
[EventRounds "9"]
[EventCountry "SWE"]
[EventCategory "13"]
[SourceTitle "CBM 084"]
[Source "ChessBase"]
[SourceDate "2001.09.13"]
[SourceVersion "1"]
[SourceVersionDate "2001.09.13"]
[SourceQuality "1"]

1. d4 Nf6 2. c4 e6 3. Nc3 Bb4 4. e3 b6 5. Nf3 Bb7 6. Bd3 O-O 7. O-O Bxc3 8.
bxc3 Be4 9. Be2 {This move is interesting because white wants to avoid an
exchange of bishops, to create center by Nd2-f3-e4.} d6 {Very old , and
well-known system, which have been played for about 50 years!} 10. Nd2 Bb7 11.
f3 $5 {Now somehow white wants to create a centre by moving e-pawn.} c5 12. e4
Nbd7 13. Bd3 {Now somewhere I want to play f4 and activate my bishop on d3.} e5
{Preventing f4, attacking the center and trying to activate pieces.} 14. Nb3
Re8 (14... cxd4 15. cxd4 exd4 16. Nxd4 Ne5 17. Be2 Rc8 18. Nb5 Nxc4 19. Bxc4
Rxc4 20. Nxd6 Rc7 21. Nxb7 $14 (21. Bf4 Rd7 22. Nxb7 Rxb7 23. Qa4 $5 $14)) 15.
d5 Nf8 {After closing the center Black is trying to transfer all their pieces
to the king-side, white will do the same} 16. Be3 Bc8 17. Nc1 $5 {[%csl Gc1,
Rf4][%cal Yc1e2,Re2f4] To take care of f4 square white transfers their Knight
to e2, from e2 knight has better prospects than from d2 because it is possible
to move knight to f5 via g3 somewhere and as well White is playing against
Ng6-Nh5-f4 idea.} Bd7 18. Ne2 Ng6 19. a4 $5 {[%csl Ra7,Rb5,Rb6,Rc5] First
White wants to close queen-side and close all black's prospects on the
queen-side.} Rb8 20. Qd2 Kh8 21. Kh1 a5 22. Bc2 Ng8 $5 {Interesting Idea,
black wants to play Rb7-Bc8 now to control f7 square and make f6 move
somewhere , then to move their knight to f8 or e7 from g6 and to play g5 by
this plan they will close king-side and they will hold the position.} 23. g4 {
White wants to activate knight by Ng3-f5 and if black takes with the bishop
they will take with g-pawn and attack at the king-side by using g-line.} Rb7
24. Ng3 Bc8 25. Nf5 {Maybe black can hold this position but with a big
problems.} N6e7 26. Rg1 f6 27. Raf1 g5 28. h4 Nxf5 29. exf5 h6 30. Kg2 {
Now Whites idea is to activate rooks at h-file and to attack by it black' king.
} Kg7 (30... Rh7 31. Rh1 Ree7 32. Rh3 Ba6 33. Qe2 (33. Rfh1 Bxc4 34. hxg5 hxg5
35. Bxg5 fxg5 36. Qxg5 {[%csl Gc2,Rd8,Re7,Gg5,Rg8,Gh1,Gh3,Rh7,Rh8][%cal Yf5f6]}
Qf8 37. Rxh7+ (37. f6 $1 Nxf6 38. Rh6 $3 Reg7 (38... Ref7 39. Bxh7 Nxh7 40. Qg6
(40. Qh5 $1 Qe7 41. g5 (41. Rxd6 $1 Qxd6 (41... e4 42. Re6 exf3+ 43. Kg3 Qf8
44. Qe5+ $18) (41... Be2 42. Re6 Bxf3+ 43. Kg3 $18) 42. Qxf7 Bd3 43. c4 $16)
41... Bxd5 42. g6 Bxf3+ 43. Qxf3 Qg5+ 44. Qg3 Qd2+ 45. Kg1 Qd1+ $11) 40... Qe7
41. Qxd6 Qxd6 42. Rxd6 Be2 $11) (38... e4 39. Rxf6 $18) (38... Rxh6 39. Rxh6+
Nh7 40. Qh4) 39. Rxf6 Rxg5 40. Rxf8+ Kg7 41. Rxh7+ Kxf8 42. Rd7 $16) 37... Rxh7
38. Rxh7+ Kxh7 39. f6+ Kh8 40. Qh5+ Qh6 41. f7 Qxh5 42. gxh5 Kg7 43. fxg8=Q+
Kxg8 $17) 33... Qd7 34. Rfh1 Ref7 $14) 31. Rh1 Kf8 32. hxg5 hxg5 (32... fxg5
33. Rxh6 Nxh6 34. Bxg5 $18) 33. Be4 Rg7 34. Rh8 Bd7 35. Qc2 Kf7 36. Rfh1 Ne7
37. R8h6 Nc8 38. Kg1 Reg8 39. Qh2 $6 {It is a kind of practical decision , it
is hard to defence this position because of the bad placed King on f7 and
knight on c8 and queen on d8. Maybe interesting was plan with
Qd1-Bc2-Kf2-Ke1-Kd2-Kc1-Kb2-Ka3.  But I was here in time-trouble , my opponent
had 4.32 seconds here and I had 5.40 about. I have played Qh2.} (39. Qd1 Qe8
40. Bc2) 39... Bxa4 40. Rg6 (40. Qh5+ Kf8 $15) 40... Qf8 $4 (40... Ne7 $1 41.
Rxf6+ (41. Rh6 $11) 41... Kxf6 42. Qh6+ Kf7 43. Qe6+ (43. f6 Nf5 44. Qh5+ Kxf6
45. Bxf5 Ke7 46. Qh6 Bd7 47. Bh7 Qf8 48. Bxg8 Qxg8 49. Rh5 Be8 50. Rxg5 Bg6 $15
) (43. Qh5+ Kf6 44. Bxg5+ Rxg5 45. Qh6+ Ng6 $19) 43... Kf8 44. f6 (44. Rh6 Rf7
$17) (44. Rh5 $3 {Brilliant chance to attack in this position, white attacks
g5 pawn and wants to play f6.} Rf7 (44... Nxf5 45. gxf5 Re7 (45... Qd7 46. Rh6
$1 {Now f6 is coming and then just Bf5 with the winning attack.} Rf7 47. f6 Bb3
48. Bf5 Qxe6 49. dxe6 Bxc4 50. exf7 Bxf7 51. Kf2 d5 52. Bh7 d4 53. Bxg8 dxe3+
54. Kxe3 Kxg8 55. Rh2 b5 56. Rg2 b4 57. Rxg5+ Kf8 58. Rxe5 b3 59. Rxc5 a4 60.
Rc8+ Be8 61. Kd2 Kf7 62. c4 $18) 46. Qh6+ Ke8 47. Bxg5 (47. Kf2 Bb3 (47... Kd7
48. Bxg5 Rxg5 49. Rxg5 Kc8 50. Rg6 Rd7 51. f6 $18) 48. Bxg5 Bxc4 49. f6 Rf7 50.
Bg6 Bxd5 51. Qg7 $18 Kd7 (51... Rgxg7 52. fxg7 Kd7 53. Bxf7 Bxf7 54. Bxd8 Kxd8
55. Rh8+ Kd7 56. g8=Q Bxg8 57. Rxg8 b5 58. Ra8 a4 59. Ra6 $18) 52. Bxf7 Rxg7
53. fxg7 $18) 47... Kd7 48. Kf1 Kc7 49. Bxe7 Qxe7 50. f6 Qf8 $14) (44... Be8
45. f6 Bxh5 46. fxg7+ Rxg7 47. gxh5 Ng8 48. h6 Nxh6 49. Qxh6 Kf7 50. Qh5+ (50.
Qe6+ $1 Kf8 51. Bf5 $3 $18 {Now the idea is to bring bishop to e6 by moves
Qh6-Be6 and it is important to play Bf5 first because after Qh6 immediately
black plays Kf7 and if Bf5 there probably just Qf6-Be6+ and Ke7 with an
unclear position.} (51. Qh6 Kf7) 51... Qe7 52. Qh6 Ke8 53. Be6 Kd8 (53... g4
54. Qh5+ $1 $18) (53... Qf8 54. Bxg5 Qf4 55. Qh5+ $18) 54. Qh8+ $18) (50. Bf5
$2 Qf6 $1) 50... Kf6 51. Kf2 Qg8 52. Qg4 Ke7 53. Ke2 Kd8 54. Kd2 Kc7 55. Kc2
Qf7 56. Kb3 Rg8 57. Qh3 Qe7 58. Bf5 Qf6 59. Qh7+ Qg7 60. Qh5 Kb8 61. Be6 Qg6
62. Qxg6 Rxg6 63. Kc2 Kc7 64. Kd3 a4 $11) (44... Qd7 45. f6 (45. Qh6 Ke8 46.
Bxg5 Rf7 47. f6 Bd1 (47... Nc8 48. Qg6 (48. Bf5 Qb7 49. Be6 Bc2 $1 {It is very
important to control g6 square , because when white will push g-pawn bishop
and rook on g8 will control g6 square very safely.}) (48. Bh4 Bd1 (48... Kd8
49. g5 Bb3 50. g6 Bxc4 51. Bg5 $16 {At this position white is winning.}) 49.
Qg6 Rgf8 50. Bf5 Qc7 51. Be6 Kd8 52. Bxf7 Qxf7 53. Qd3 $16) 48... Rxg6 49. Rh8+
Rf8 50. Bxg6+ Qf7 51. Bxf7+ Kxf7 52. Rh7+ Ke8 53. Bh4 Bd7 54. g5 Bf5 $17 55.
Rg7 a4 56. g6 Bxg6 57. Rxg6 Rh8 58. Be1 Kf7 $17) 48. Kf2 Nc8 49. Qg6 $5 Rxg6 (
49... Rgf8 50. Bf5 (50. Bh6 Qa4 51. Bxf8 Qxc4 52. Rh1 $3 $18) 50... Qa4 51. Be6
Qc2+ 52. Qxc2 Bxc2 53. Bxc8 a4 $15) 50. Rh8+ Rf8 51. Bxg6+ Qf7 52. Bxf7+ Kxf7
53. Rh7+ Kg8 54. Rg7+ Kh8 55. Rc7 Kg8 56. Bh4 $5 a4 57. g5 a3 $2 (57... Bc2 $1
58. g6 Bxg6 59. Rg7+ Kh8 60. Rxg6 $14) 58. g6 a2 59. Rg7+ Kh8 60. Rh7+ Kg8 61.
f7+ Rxf7 62. gxf7+ Kxh7 63. f8=Q a1=Q 64. Qf5+ Kg8 65. Qxc8+ $18) 45... Qxe6
46. dxe6 Be8 47. fxg7+ Kxg7 48. Rxg5+ Bg6 (48... Kf8 49. Rxg8+ Nxg8 50. Kf2 Nf6
51. Bd5 b5 52. Bg5 Nxd5 53. cxd5 b4 54. cxb4 cxb4 55. Bh6+ Ke7 $15 {Black has
draw at least and if they wish they can play Kf8-g8 with better position for
black.}) 49. Bxg6 Nxg6 50. Rf5 Re8 51. Rf7+ Kg8 52. Rb7 Rxe6 53. Kf2 Rf6 54.
Kg3 Nf4 55. g5 Rf8 56. Rxb6 Ne2+ 57. Kg4 Nxc3 58. Rxd6 $16) (44... Bd7 45. Qh6
(45. Qxd6 Kf7 46. Qxe5 Nxf5 47. Bxf5 (47. gxf5 Re8 48. Qd6 Bc8 49. Qxd8 Rxd8
50. Rh6 Re8 51. Kf2 g4 52. Bf4 (52. d6 Re5 53. f6 (53. d7 $1 Bxd7 54. Bd5+ Rxd5
55. cxd5 g3+ 56. Kg2 Bxf5 57. Rxb6 $16) 53... Rg8 54. Bf4 Rf5 55. Bxf5 Bxf5 56.
fxg4 Bxg4 $11) 52... gxf3 53. Bxf3 Bxf5 54. Rxb6 Kg8 55. Bd6 $13) 47... Bxf5
48. Qxf5+ Qf6 $11) 45... Kf7 46. Rxg5 Rxg5 47. Bxg5 Rxg5 48. Qxg5 Qh8 $19) 45.
Bxg5 Qc7 46. f6 Rxg5 47. Rxg5 Ng8 48. Bh7 $1 Nh6 49. Bg6 $3 Bd7 50. Bxf7 $1
Bxe6 51. dxe6 $1 $18) 44... Rf7 45. Rh5 (45. Rh7 Be8 $15) (45. Bh7 Rh8 46. Bxg5
Ng8 $19)) 41. Bxg5 Rxg6 $8 (41... fxg5 $4 42. Re6 $18) 42. fxg6+ Ke8 43. Bh6
Qe7 44. Qa2 $1 Bd7 45. Be3 f5 $2 (45... Kd8 46. Rh7 Qe8 47. Qb1 (47. Qh2 $1 $18
{Then just pushing g-pawn and it is finish!}) 47... Kc7 48. g5 f5 49. Bxf5 Ne7
50. Bxd7 Qxd7 51. Kf2 a4 $16) 46. gxf5 Qf6 47. Rh5 $1 Ne7 48. Bg5 Qf8 49. Qb1
$1 $18 {The best and the simplest way to win the game!} Bxf5 (49... Nxf5 50.
Qxb6 Ne7 51. Qxd6 $18) 50. Qb5+ Bd7 51. Qxb6 a4 {Very tricky move!  But no
more.  But in 2 seconds after making his move 51...a4 De Firmian resigned. 
The End is very simple White just takes all pawns d6-c5-e5-and a pawn if it
will be pushed to a3 or a2.} 1-0

[Event "Najdorf Memorial 12th"]
[Site "Buenos Aires"]
[Date "2001.09.04"]
[Round "1"]
[White "Radjabov, Teimour"]
[Black "Xie, Jun"]
[Result "1/2-1/2"]
[WhiteElo "2558"]
[BlackElo "2553"]
[PlyCount "130"]
[EventDate "2001.09.04"]
[EventType "tourn"]
[EventRounds "9"]
[EventCountry "ARG"]
[EventCategory "14"]
[SourceTitle "CBM 085"]
[Source "ChessBase"]
[SourceDate "2001.11.13"]
[SourceVersion "1"]
[SourceVersionDate "2001.11.13"]
[SourceQuality "1"]

1. d4 Nf6 2. c4 g6 3. Nc3 Bg7 4. e4 d6 5. Be2 O-O 6. Nf3 e5 7. Be3 Nbd7 8. O-O
Re8 9. d5 Ng4 10. Bg5 f6 11. Bh4 h5 12. Nd2 Nf8 13. b4 a5 14. bxa5 Rxa5 15. Nb3
Ra8 16. c5 Nh6 17. f3 g5 18. Bf2 Ng6 19. cxd6 cxd6 20. Nd2 Nf4 21. Nc4 Ra6 22.
Ne3 Ra8 23. Rb1 f5 24. Kh1 Qe7 25. Bd3 Rf8 26. exf5 Nxd3 27. Qxd3 Nxf5 28. Nc4
Nd4 29. Ne4 Bf5 30. Qd2 Bxe4 31. fxe4 Rac8 32. Rbc1 Rf4 33. Bxd4 Rxc4 34. Rxc4
Rxf1+ 35. Bg1 g4 36. Rc1 Rxc1 37. Qxc1 Kh7 38. Qf1 Qg5 39. a4 Qf4 40. Qe2 Kg6
41. g3 Qf7 42. Kg2 Bh6 43. Bf2 Bg5 44. Be1 Bd8 45. Bb4 Qd7 46. Qd1 Qc7 47. Qd3
Be7 48. Be1 Bg5 49. Bf2 Qc1 50. Qb5 Qc7 51. Qe8+ Qf7 52. Qxf7+ Kxf7 53. Kf1 Ke8
54. Ke2 Kd7 55. Kd3 Bf6 56. Be3 Bd8 57. Kc4 Be7 58. Kb5 Bd8 59. a5 Be7 60. Bd2
Bd8 61. Bc1 Be7 62. Be3 Bf6 63. Bd2 Bd8 64. Bb4 Kc7 65. Bd2 Kd7 1/2-1/2

[Event "Najdorf Memorial 12th"]
[Site "Buenos Aires"]
[Date "2001.09.05"]
[Round "2"]
[White "Radjabov, Teimour"]
[Black "Ricardi, Pablo"]
[Result "1-0"]
[WhiteElo "2558"]
[BlackElo "2545"]
[Annotator "Ftacnik,L"]
[PlyCount "97"]
[EventDate "2001.09.04"]
[EventType "tourn"]
[EventRounds "9"]
[EventCountry "ARG"]
[EventCategory "14"]
[SourceTitle "CBM 085"]
[Source "ChessBase"]
[SourceDate "2001.11.13"]
[SourceVersion "1"]
[SourceVersionDate "2001.11.13"]
[SourceQuality "1"]

1. d4 Nf6 2. c4 g6 3. Nc3 d5 4. Nf3 Bg7 5. Qb3 dxc4 6. Qxc4 O-O 7. e4 Na6 8.
Be2 c5 9. d5 e6 10. O-O exd5 11. exd5 Bf5 12. Be3 Rc8 {Ricardi is trying to
defend the pawn c5, but without any counterplay along the open e file black
has few chances to achieve equality.} 13. Rad1 h6 14. Qb3 (14. d6 Nb4 15. a3
Nc2 16. Qb3 Nxe3 17. fxe3 Be6 18. Bc4 Bxc4 19. Qxc4 Rc6 20. Ne5 Rxd6 21. Nxg6
Re8 22. Qxc5 Ne4 {1/2-1/2 Naumann,A-Berndt,S/Germany/1999/ (27)}) 14... Qb6 (
14... Nb4 15. Bxc5 Rxc5 16. Qxb4 $16) 15. Qxb6 $1 axb6 16. Nd2 Ng4 (16... Rcd8
17. Nc4 b5 18. Na5 b4 19. Nxb7 bxc3 20. Nxd8 c2 21. Rd2 Rxd8 22. Bxa6 Ng4 23.
Rc1 Bxb2 24. Rcxc2 Bxc2 25. Rxc2 Bd4 26. Bxd4 cxd4 27. Rc8 $16) 17. Bxg4 (17.
Nc4 $5 Nxe3 (17... Rcd8 18. Bf4 $16) 18. fxe3 Rce8 19. Kf2 Nb4 20. Rd2 $16)
17... Bxg4 18. f3 Bd7 (18... Bf5 19. Nc4 b5 20. Nd6 b4 21. Nxc8 Rxc8 22. Nb5
Bxb2 23. Nd6 $16) 19. Nc4 Rce8 (19... b5 20. Nd6 Ra8 21. Ndxb5 Bxb5 22. Nxb5
Rfd8 23. Rf2 $16) 20. Rfe1 b5 (20... Bd4 21. Kf2 b5 22. Nb6 (22. Nd6 Rxe3 23.
Rxe3 b4 24. Ne2 Bxe3+ 25. Kxe3 b6 26. Rd2 $16) 22... Rxe3 23. Rxe3 Re8 24. Rxd4
cxd4 25. Rxe8+ Bxe8 26. Ne2 $18) 21. Nb6 Rxe3 (21... Rd8 22. Ne4 Bxb2 23. Nxc5
$18) 22. Rxe3 Bd4 23. Rxd4 $5 {[%mdl 4096] It is difficult to criticise this
brave move, more careful players would surely prefer the quiet advantage after
23.Kf2.} (23. Kf2 $5 Be8 (23... Re8 24. Rxd4 $18) 24. Ne2 Bxe3+ 25. Kxe3 $16)
23... cxd4 24. Nxd7 dxe3 (24... Rd8 25. Re7 dxc3 26. bxc3 Kg7 (26... Nc7 $2 27.
Nf6+ Kg7 28. Rxc7 Kxf6 29. Rc5 $18) 27. d6 b4 28. cxb4 Nxb4 29. Ne5 Rxd6 30.
Rxf7+ Kg8 31. Rxb7 Nxa2 32. Nf7 $16) 25. Nxf8 Kxf8 (25... b4 26. Nd7 bxc3 27.
bxc3 f5 28. Kf1 g5 29. g3 $18) 26. Nxb5 {The knight endgame without a pawn is
very difficult for black, but at least he is not lacking counterplay.} Nb4 (
26... Ke7 27. a3 f5 28. g3 g5 29. f4 $16) 27. Nc3 Nd3 (27... Ke7 28. Kf1 f5 29.
g3 g5 30. f4 gxf4 31. gxf4 Nd3 32. Ke2 Nxf4+ 33. Kxe3 $16) 28. Kf1 Ke7 (28...
Nxb2 29. Ke2 Nc4 30. Kd3 Na3 31. Kxe3 $18) (28... Nf4 29. g3 Nd3 30. Ke2 Nxb2
31. Kxe3 $18) 29. b3 (29. Ke2 Nf4+ 30. Kxe3 Nxg2+ 31. Kd4 f5 $16) 29... Kd6 (
29... f5 30. Ke2 Nf4+ 31. Kxe3 Nxg2+ 32. Kd4 $16) 30. Ke2 Nf4+ 31. Kxe3 Nxg2+ (
31... Nxd5+ $4 32. Nxd5 Kxd5 33. g4 $18) 32. Kd4 Nh4 33. Ne4+ Ke7 34. Nd2 (34.
f4 Nf3+ 35. Kc5 Nxh2 36. Kb6 Kd7 37. a4 $18) 34... Kd6 35. Nc4+ Ke7 36. Nd2 Kd6
37. f4 {Radjabov is winning freedom for the activity of the knight, but pays
the prize of exposing the f pawn in a higher degree.} f5 (37... Nf5+ 38. Ke4 b5
39. Nf3 Ne7 40. Ne5 f5+ 41. Kd4 Nxd5 42. Nxg6 $16) 38. Nc4+ Ke7 39. a4 g5 (
39... Nf3+ 40. Kc5 Nxh2 41. Kb6 Kd7 42. Kxb7 Nf3 43. a5 $18) 40. a5 gxf4 (40...
Nf3+ 41. Kc5 Nxh2 42. Kb6 Kd7 43. Kxb7 $18) 41. b4 Nf3+ (41... f3 42. Ke3 f4+
43. Kf2 Kd7 44. b5 $18) 42. Kc5 Ng5 (42... Nxh2 43. b5 f3 44. a6 bxa6 45. bxa6
f2 46. Nd2 $18) 43. Kb6 f3 44. Kc7 f2 45. d6+ Ke6 46. Ne3 Nf7 (46... f4 47. Nf1
$18) 47. d7 Ke5 48. b5 Kd4 49. Nf1 (49. Nf1 Kd3 50. a6 bxa6 51. bxa6 f4 52. a7
Ke2 53. a8=Q $18) 1-0

[Event "Najdorf Memorial 12th"]
[Site "Buenos Aires"]
[Date "2001.09.06"]
[Round "3"]
[White "Milos, Gilberto"]
[Black "Radjabov, Teimour"]
[Result "0-1"]
[WhiteElo "2614"]
[BlackElo "2558"]
[Annotator "Ftacnik,L"]
[PlyCount "76"]
[EventDate "2001.09.04"]
[EventType "tourn"]
[EventRounds "9"]
[EventCountry "ARG"]
[EventCategory "14"]
[SourceTitle "CBM 085"]
[Source "ChessBase"]
[SourceDate "2001.11.13"]
[SourceVersion "1"]
[SourceVersionDate "2001.11.13"]
[SourceQuality "1"]

1. e4 c5 2. Nf3 Nc6 3. d4 cxd4 4. Nxd4 e5 5. Nb5 d6 6. c4 Be7 7. Be2 Be6 8. O-O
Nf6 9. N1c3 a6 10. Na3 Nd4 11. Be3 Nxe2+ 12. Qxe2 O-O 13. f3 Rc8 14. Rfc1 (14.
Rac1) 14... Nd7 15. Rd1 (15. Nd5 f5 $132) 15... Rc6 (15... f5 $5) 16. Nd5 Bg5 (
16... f5) 17. Bf2 (17. Bxg5 Qxg5 18. Qd2 Qd8 19. Kh1 Bxd5 20. Qxd5 Nb6 21. Qd3
Qg5 $13) 17... Qb8 (17... Bxd5 18. Rxd5 Nb6 19. Rdd1 Qc7 20. b3 f5 21. exf5
Rxf5 22. Nc2 $14) 18. b4 (18. Nc2 Bxd5 (18... f5 $6 19. f4 $1 exf4 20. Nd4 $16)
19. Rxd5 Rfc8 20. b3 $14) 18... Bxd5 (18... Rfc8 $2 19. b5 $1 $16) 19. Rxd5 {
Despite the loss of a tempo in 14.-15.move white enjoys very pleasant
advantage due to the active pieces and weakness of the d5 square.} (19. exd5 $6
Rcc8 $11) 19... Rfc8 (19... Nf6 20. Rd3 Rfc8 21. Rad1 $14) 20. Rad1 Be7 (20...
Nb6 21. Bxb6 Rxb6 22. b5 Rc5 23. Kh1 $14) 21. R5d3 Nf8 (21... Nf6 22. Be3 $14)
22. Qb2 (22. Qd2 Ne6 23. b5 axb5 24. cxb5 R6c7 $14) 22... Ne6 23. b5 axb5 24.
cxb5 (24. Qxb5 $6 Nf4 25. R3d2 Ra6 $11) 24... R6c7 25. Bb6 (25. b6 $5 Rc6 26.
Nb5 Rc2 27. Qb3 Rxf2 28. Kxf2 Nc5 29. Qb2 Nxd3+ 30. Rxd3 $14) 25... Rd7 26. Qb3
$2 {The first serious inaccuracy that gives Radjabov a chance to equalize in a
flash.} (26. Nc2 Bd8 $1 (26... Nf4 27. R3d2 d5 $6 28. exd5 Qd6 29. Be3 Bg5 30.
g3 $18) 27. Be3 Nc5 28. Bxc5 Rxc5 29. Ne3 Qa7 (29... Bb6 30. Kh1 $16) 30. Kh1
Qa5 31. Rb1 $14) 26... Nf4 27. R3d2 d5 $1 28. Be3 (28. exd5 Qd6 29. Nc4 Rxc4
30. Qxc4 Qxb6+ 31. Kh1 Bd6 $17) (28. g3 Qd6 29. Be3 Qxa3 30. gxf4 Qxb3 31. axb3
Rc3 32. Rd3 $11) 28... Rdc7 29. Nb1 (29. exd5 $2 Rc3 30. d6 Rxb3 31. dxe7 Rd3
$19) (29. Bxf4 exf4 30. Nb1 dxe4 31. fxe4 Rc1 $15) 29... dxe4 30. fxe4 Bc5 31.
b6 $2 {Milos played in Buenos Aires 2001 in especially miserable form and
after a loss of an advantage he still manages to stumble on a more of second
rated solutions.} (31. Bxc5 Rxc5 32. Rd7 Rf8 $11) 31... Bxe3+ 32. Qxe3 Rc6 33.
Rd7 (33. a4 Rc1 $15) 33... Rc2 34. R1d2 $2 (34. g3 $2 Nh3+ 35. Kf1 Rxh2 $17) (
34. R7d2 $1 Rc1 $15) 34... Rc1+ 35. Rd1 Rxd1+ 36. Rxd1 Rc2 37. Nd2 (37. Rd2
Rc1+ 38. Kf2 Rxb1 $19) (37. g3 Qc8 $1 38. Nd2 Rc3 $17) 37... Qd6 38. g3 Rc3 $1
(38... Rc3 $1 39. Qe1 Qd4+ 40. Kh1 (40. Kf1 Re3) 40... Nd3 41. Nf3 Nxe1 42.
Nxd4 Nd3 $19) 0-1

[Event "Najdorf Memorial 12th"]
[Site "Buenos Aires"]
[Date "2001.09.07"]
[Round "4"]
[White "Radjabov, Teimour"]
[Black "Short, Nigel D"]
[Result "1/2-1/2"]
[WhiteElo "2558"]
[BlackElo "2664"]
[Annotator "Dautov,R"]
[PlyCount "64"]
[EventDate "2001.09.04"]
[EventType "tourn"]
[EventRounds "9"]
[EventCountry "ARG"]
[EventCategory "14"]
[SourceTitle "CBM 085"]
[Source "ChessBase"]
[SourceDate "2001.11.13"]
[SourceVersion "1"]
[SourceVersionDate "2001.11.13"]
[SourceQuality "1"]

1. d4 e6 2. c4 Nf6 3. Nc3 d5 4. Nf3 Be7 5. Bf4 O-O 6. e3 c5 7. dxc5 Bxc5 8. a3
Nc6 9. cxd5 Nxd5 10. Nxd5 exd5 11. b4 $5 {Nach diesem seltenen Zug entwickelt
sich die Partie etwas ungewöhnlich. Üblich ist 11.Bd3.} Bb6 (11... Bd6 $5) 12.
Bd3 a6 {Auch Short ist nicht abgeneigt, neue Wege auszuprobieren und vermeidet
das theoretische 12...Bg4.} (12... Bg4 13. h3 Bh5 14. O-O Re8) 13. h3 $5 {
Vermeidet die lästige Fesselung.} d4 14. e4 Ne7 $5 {Mit dieser
Springerüberführung räumt Schwarz die c-Linie für den kommenden Turmabtausch.}
({Vorzuziehen waren jedoch die normalen Entwicklungszüge:} 14... h6 15. O-O Be6
16. Rc1 Rc8 17. Qe2 Qd7 $11 {mit bequemem Spiel für Schwarz.}) 15. O-O Ng6 16.
Bg3 Be6 17. Qd2 h6 18. Rfd1 Rc8 19. Rac1 Qd7 20. Qb2 {Weiß behält einen
leichten Druck dank der Idee Nd2 mit dem folgenden f2-f4.} Rfd8 21. Rxc8 Rxc8
22. Rc1 Rd8 (22... Rxc1+ 23. Qxc1 $14 {[%cal Rf3d2] /\Nd2}) 23. Nd2 (23. b5
axb5 24. Bxb5 Qe7 $11) 23... f6 24. Nb3 $6 {Das entlastende Ng6-e5 sollte
verhindert werden.} (24. Nc4 Bc7 $11) ({Nur mittels} 24. f4 $1 Ne7 (24... Bf7
25. Nf3 Bc7 26. e5 fxe5 27. fxe5 $14) 25. Nf3 Nc6 26. b5 axb5 27. Qxb5 Ba7 28.
Rb1 $14 {konnte Radjabov seinen leichten Vorteil behaupten.}) 24... Ne5 25.
Bxe5 fxe5 $11 26. Nc5 Bxc5 27. Rxc5 Qd6 28. Qc1 Rf8 29. a4 Kh8 30. a5 Rf7 31.
Qc2 Rf8 32. Qc1 Rf7 1/2-1/2

[Event "Najdorf Memorial 12th"]
[Site "Buenos Aires"]
[Date "2001.09.08"]
[Round "5"]
[White "Felgaer, Ruben Alejandro"]
[Black "Radjabov, Teimour"]
[Result "1/2-1/2"]
[WhiteElo "2471"]
[BlackElo "2558"]
[PlyCount "91"]
[EventDate "2001.09.04"]
[EventType "tourn"]
[EventRounds "9"]
[EventCountry "ARG"]
[EventCategory "14"]
[SourceTitle "CBM 085"]
[Source "ChessBase"]
[SourceDate "2001.11.13"]
[SourceVersion "1"]
[SourceVersionDate "2001.11.13"]
[SourceQuality "1"]

1. e4 e6 2. d4 d5 3. Nc3 Nf6 4. Bg5 dxe4 5. Nxe4 Be7 6. Bxf6 Bxf6 7. Nf3 O-O 8.
Qd2 Nd7 9. O-O-O b6 10. d5 Nc5 11. Nxc5 bxc5 12. Bc4 e5 13. Qe3 Qe7 14. Rde1
Re8 15. Qe4 Rb8 16. g4 g6 17. h4 Bg7 18. h5 Qf6 19. hxg6 hxg6 20. c3 Bd7 21.
Nd2 Qg5 22. f3 Bh6 23. Re2 Kg7 24. Reh2 Rh8 25. Kb1 Qe7 26. Qe2 Bf4 27. Rxh8
Rxh8 28. Rxh8 Kxh8 29. Ne4 f5 30. gxf5 gxf5 31. Nf2 Bh6 32. Nd3 e4 33. fxe4
fxe4 34. Qh2 Qg5 35. Qe5+ Qxe5 36. Nxe5 Be8 37. Be2 Bf4 38. Nc6 Bxc6 39. dxc6
Kg7 40. Kc2 Kf6 41. b4 cxb4 42. cxb4 Ke5 43. b5 Kd4 44. a4 Ke3 45. Kd1 Bd6 46.
a5 1/2-1/2